Field quantization /

Guardado en:
Autor Principal: Greiner, Walter, 1935-
Otros Autores: Reinhardt, J. 1952-
Formato: Libro
Idioma:English
German
Publicado: Berlin : Springer, c1996.
Materias:
Etiquetas: Agregar Etiqueta
Sin Etiquetas, Sea el primero en etiquetar este registro!
LEADER 00878pam a2200265 a 4500
001 MAT.inmabb003421
008 951020s1996####gw#a#####b####001#0#eng##
005 20150313173139.0
245 1 0 |a Field quantization /  |c Walter Greiner, Joachim Reinhardt ; with a foreword by D. A. Bromley. 
260 |a Berlin :  |b Springer,  |c c1996. 
300 |a xiv, 440 p. :  |b il. ;  |c 25 cm. 
546 |a Traducido del alemán. 
504 |a Incluye referencias bibliográficas e índice. 
510 4 |a MR,  |c 97i:81001 
020 |a 3540591796 (pbk.) 
100 1 |a Greiner, Walter,  |d 1935- 
240 1 0 |a Feldquantisierung.  |l Inglés 
700 1 |a Reinhardt, J.  |q (Joachim),  |d 1952- 
650 0 |a Quantum field theory. 
650 0 |a Path integrals. 
084 |a 81-01 (81T70)  |2 msc2000 
010 |a  95045449  
040 |a DLC  |c DLC  |d DLC 
041 1 |a eng  |h ger 
859 |h 81  |i G824f  |p A-7882  |b BIB. MATEMATICA